000 03378nam a2200313Ia 4500
005 20190522133218.0
008 130821s1757 ne fr 1 dfresd
040 _aCo-BoUCM
_bspa
_cSandra Yazo
_dSandra Yazo
041 0 _alat
082 0 4 _a170
_220
092 _aE10N033
100 1 _aCumberland, Richard
_d1631-1718
_966116
242 0 0 _aLas leyes de la Naturaleza explicadas.
_cpor el doctor Richard Cumberland ; Obra traducida del latín por el señor Barbeyrac. Con notas del traductor.
_bSe investiga y se establece, por la naturaleza misma de las cosas, la forma de estas leyes, sus principales objetos, su orden, su promulgación y obligatoriedad. Se refuta a Thomás Hobbes en sus Elementos de la moral y la política.
_yspa
245 1 0 _aLes loix de la Nature, expliquées ...
_bOu l'on recherche et l'on établit, par la nature des choses, la forme de ces Loix, leurs principaux Chefs, leur Ordre, leur Publication & leur Obligation : on y refute aussi les Elémens de la Morale & de la Politique de Thomas Hobbes
_cpar le docteur Richard Cumberland ... ; Traduits du latin par Monsieur Barbeyrac ... avec des notes du traducteur ...
260 _aA Leide [Leiden] (Holanda)
_bChez Theodore Haak [En los talleres de Teodoro Haak]
_c1757
300 _axxviii, [2], 435, [9] páginas
_c25 x 20 cm
500 _aDetalles físicos: Encuadernación rígida en cartón forrado en cuero; lomo con nervaduras sobre costuras y adornos en dorado, sin tejuelo. Tapas con recuadros repujados. Cuero con raspaduras, roturas y deterioro en bordes y esquinas, especialmente en tapa posterior y lomo. Cantos y cortes decorados. Guardas en papel de agua. Hoja de cortesía. Portada impresa en dos tintas, con un grabado. Cenefas y remates. Mayúscula capital. Texto impreso en una sola columna. Notas de pie de página en dos columnas. Párrafos numerados en romanos. Apostillas marginales. Márgenes amplios. Signaturas y reclamos. Al final erratas e índice. Papel manchado, oxidación de tinta pág. 63 hoja con esquina doblada porque el papel sobresale, no se refiló
505 0 _aAnotaciones preliminares del Autor ; Vida del autor / Payne ; La naturaleza de las cosas, en general ; La naturaleza humana y la "recta razón" ; El bien natural ; Máximas prácticas de la razón ; La ley natural y las obligaciones que conlleva ; Aspectos ocultos en la ley general de la Naturaleza ; El origen del dominio y de la propiedad ; Origen de las virtudes morales ; Las virtudes morales en particular ; Consecuencias que se derivan de los principios enunciados
506 _aConsulta en sala
546 _aTexto en francés, varias expresiones en latín, en griego y en inglés
600 1 4 _aHobbes, Thomas
_d1588-1679
_tElements of Law, Natural and Politic [Elementos de la ley Natural y de la Política]
_xCrítica e interpretación
_966117
650 7 _aÉtica
_xObras anteriores a 1800
_937058
650 7 _aNaturaleza humana
_xÉtica
_920108
653 _aLey natural
690 _aFilosofía
_975
700 1 _aBarbeyrac
_etraductor
_966118
856 4 8 _uhttps://books.google.com.co/books?id=iHBXAAAAcAAJ&pg=PA37&dq=Les+loix+de+la+Nature,+expliqu%C3%A9es+1757&hl=es-419&sa=X&ved=0ahUKEwiE0I2R4q_iAhWps1kKHW16BIQQ6AEIMzAB#v=onepage&q=Les%20loix%20de%20la%20Nature%2C%20expliqu%C3%A9es%201757&f=false
_zDisponible en línea
942 _cLIBRO
_a2
_e1
_2LOCAL
_hE10N033
999 _c73389
_d73389